[Event "Irena Warakomska Memorial A"]
[Site "Suwalki"]
[Date "2018.08.08"]
[Round "9"]
[White "Sadzikowski, Daniel"]
[Black "Gumularz, Szymon"]
[Result "0-1"]
[Board "6"]
[WhiteElo "2567"]
[WhiteTitle "GM"]
[WhiteCountry "POL"]
[WhiteFideId "1132253"]
[WhiteEloChange "-6"]
[BlackElo "2461"]
[BlackTitle "IM"]
[BlackCountry "POL"]
[BlackFideId "1188062"]
[BlackEloChange "6"]

1. c4 {[%clk 1:30:30]} e5 {[%clk 1:30:30]} 2. g3 {[%clk 1:30:30]} c6 {[%clk
1:30:30]} 3. Nf3 {[%clk 1:30:25]} e4 {[%clk 1:30:46]} 4. Nd4 {[%clk 1:30:53]} d5
{[%clk 1:31:02]} 5. cxd5 {[%clk 1:25:08]} Qxd5 {[%clk 1:31:27]} 6. Nc2 {[%clk
1:25:14]} Nf6 {[%clk 1:29:43]} 7. Nc3 {[%clk 1:23:51]} Qh5 {[%clk 1:27:10]} 8.
Ne3 {[%clk 1:18:47]} Bb4 {[%clk 1:08:26]} 9. Qc2 {[%clk 0:58:48]} Bxc3 {[%clk
1:05:51]} 10. Qxc3 {[%clk 0:47:55]} Bh3 {[%clk 0:45:34]} 11. g4 {[%clk 0:44:27]}
Bxg4 {[%clk 0:42:08]} 12. Nxg4 {[%clk 0:42:07]} Qxg4 {[%clk 0:38:29]} 13. Bh3
{[%clk 0:42:04]} Qh5 {[%clk 0:35:15]} 14. Rg1 {[%clk 0:24:58]} Nbd7 {[%clk
0:34:38]} 15. Qe3 {[%clk 0:25:20]} O-O-O {[%clk 0:30:29]} 16. Rg5 {[%clk
0:25:44]} Qh4 {[%clk 0:29:24]} 17. b3 {[%clk 0:15:07]} Nd5 {[%clk 0:17:27]} 18.
Rxd5 {[%clk 0:15:33]} cxd5 {[%clk 0:17:54]} 19. Qxa7 {[%clk 0:15:57]} e3 {[%clk
0:04:00]} 20. dxe3 {[%clk 0:13:52]} Qf6 {[%clk 0:04:20]} 21. Rb1 {[%clk 0:13:39]}
Qa6 {[%clk 0:04:04]} 22. Qxa6 {[%clk 0:10:03]} bxa6 {[%clk 0:04:27]} 23. Bb2
{[%clk 0:08:03]} Kb7 {[%clk 0:03:47]} 24. Kd2 {[%clk 0:07:54]} f6 {[%clk
0:02:22]} 25. Rg1 {[%clk 0:07:07]} g6 {[%clk 0:02:40]} 26. Rg4 {[%clk 0:05:12]}
Rhe8 {[%clk 0:01:26]} 27. Rh4 {[%clk 0:04:28]} h5 {[%clk 0:01:50]} 28. Bxd7
{[%clk 0:02:02]} Rxd7 {[%clk 0:02:17]} 29. Bxf6 {[%clk 0:02:26]} Rf7 {[%clk
0:01:08]} 30. Rb4+ {[%clk 0:00:40]} Kc6 {[%clk 0:00:51]} 31. Ra4 {[%clk 0:00:36]}
Kb5 {[%clk 0:00:47]} 32. Bh4 {[%clk 0:00:34]} Re4 {[%clk 0:01:04]} 33. Rxe4
{[%clk 0:00:36]} dxe4 {[%clk 0:01:33]} 34. a3 {[%clk 0:00:37]} Rf5 {[%clk
0:01:10]} 35. Bg3 {[%clk 0:01:06]} g5 {[%clk 0:01:26]} 36. h4 {[%clk 0:01:29]}
gxh4 {[%clk 0:01:48]} 37. Bxh4 {[%clk 0:01:58]} Rf7 {[%clk 0:01:08]} 38. Ke1
{[%clk 0:02:12]} Kc5 {[%clk 0:01:09]} 39. Kf1 {[%clk 0:01:10]} Rb7 {[%clk
0:01:11]} 40. f3 {[%clk 0:30:35]} Rxb3 {[%clk 0:30:48]} 41. Be7+ {[%clk 0:28:58]}
Kd5 {[%clk 0:31:01]} 42. Kf2 {[%clk 0:29:27]} Ke6 {[%clk 0:30:57]} 43. Bc5 {[%clk
0:29:39]} Kf5 {[%clk 0:31:23]} 44. Be7 {[%clk 0:30:07]} Rb2 {[%clk 0:31:21]} 45.
Bb4 {[%clk 0:30:04]} Ra2 {[%clk 0:31:06]} 46. Be7 {[%clk 0:30:15]} a5 {[%clk
0:31:18]} 47. Bc5 {[%clk 0:30:28]} a4 {[%clk 0:31:21]} 48. Be7 {[%clk 0:30:56]}
h4 {[%clk 0:29:45]} 49. Bc5 {[%clk 0:31:25]} h3 {[%clk 0:29:47]} 50. Kg3 {[%clk
0:31:53]} exf3 {[%clk 0:30:00]} 51. e4+ {[%clk 0:32:11]} Kxe4 {[%clk 0:30:02]}
52. exf3+ {[%clk 0:32:36]} 0-1

[Event "Irena Warakomska Memorial A"]
[Site "Suwalki"]
[Date "2018.08.08"]
[Round "9"]
[White "Czarnota, Pawel"]
[Black "Omelja, Artem"]
[Result "1/2-1/2"]
[Board "7"]
[WhiteElo "2549"]
[WhiteTitle "GM"]
[WhiteCountry "POL"]
[WhiteFideId "1121219"]
[WhiteEloChange "-1"]
[BlackElo "2445"]
[BlackCountry "UKR"]
[BlackFideId "14119846"]
[BlackEloChange "1"]

1. e4 {[%clk 1:30:30]} e5 {[%clk 1:30:30]} 2. Nf3 {[%clk 1:30:30]} Nc6 {[%clk
1:30:30]} 3. Bb5 {[%clk 1:30:30]} Nf6 {[%clk 1:30:30]} 4. d3 {[%clk 1:31:05]} Bc5
{[%clk 1:31:41]} 5. Nbd2 {[%clk 1:30:14]} d6 {[%clk 1:24:36]} 6. c3 {[%clk
1:29:39]} a6 {[%clk 1:24:41]} 7. Bxc6+ {[%clk 1:16:06]} bxc6 {[%clk 1:24:58]} 8.
d4 {[%clk 1:16:25]} exd4 {[%clk 1:25:16]} 9. cxd4 {[%clk 1:16:50]} Bb6 {[%clk
1:25:34]} 10. Qc2 {[%clk 1:16:53]} c5 {[%clk 1:23:13]} 11. d5 {[%clk 1:14:59]}
O-O {[%clk 1:23:26]} 12. O-O {[%clk 1:13:40]} Re8 {[%clk 1:23:35]} 13. b3 {[%clk
1:04:49]} 1/2-1/2

[Event "Irena Warakomska Memorial A"]
[Site "Suwalki"]
[Date "2018.08.08"]
[Round "9"]
[White "Caspi, Israel"]
[Black "Gleizerov, Evgeny"]
[Result "1-0"]
[Board "8"]
[WhiteElo "2484"]
[WhiteTitle "IM"]
[WhiteCountry "ISR"]
[WhiteFideId "2807394"]
[WhiteEloChange "5"]
[BlackElo "2513"]
[BlackTitle "GM"]
[BlackCountry "RUS"]
[BlackFideId "4101332"]
[BlackEloChange "-5"]

1. e4 {[%clk 1:30:30]} e6 {[%clk 1:30:30]} 2. d4 {[%clk 1:30:54]} d5 {[%clk
1:30:30]} 3. Nd2 {[%clk 1:31:09]} Nf6 {[%clk 1:30:30]} 4. e5 {[%clk 1:31:34]}
Nfd7 {[%clk 1:30:30]} 5. Bd3 {[%clk 1:31:34]} c5 {[%clk 1:30:30]} 6. c3 {[%clk
1:31:34]} Nc6 {[%clk 1:33:10]} 7. Ngf3 {[%clk 1:33:03]} cxd4 {[%clk 1:33:34]} 8.
cxd4 {[%clk 1:33:30]} f6 {[%clk 1:34:02]} 9. exf6 {[%clk 1:33:53]} Nxf6 {[%clk
1:34:29]} 10. O-O {[%clk 1:34:04]} Bd6 {[%clk 1:34:55]} 11. b3 {[%clk 1:34:31]}
O-O {[%clk 1:35:20]} 12. Bb2 {[%clk 1:34:58]} Bd7 {[%clk 1:35:46]} 13. a3 {[%clk
1:35:24]} a5 {[%clk 1:35:59]} 14. Ne5 {[%clk 1:34:29]} Be8 {[%clk 1:36:24]} 15.
Qf3 {[%clk 1:32:55]} Ne4 {[%clk 1:03:26]} 16. Qh3 {[%clk 1:30:28]} Ng5 {[%clk
1:03:50]} 17. Qe3 {[%clk 1:19:59]} Qe7 {[%clk 0:54:14]} 18. f4 {[%clk 1:18:34]}
Nf7 {[%clk 0:54:36]} 19. Ndf3 {[%clk 1:13:22]} Bxe5 {[%clk 0:47:03]} 20. dxe5
{[%clk 1:10:09]} Nh6 {[%clk 0:47:15]} 21. h3 {[%clk 1:00:18]} Nf5 {[%clk
0:46:15]} 22. Bxf5 {[%clk 0:58:34]} Rxf5 {[%clk 0:44:26]} 23. g4 {[%clk 0:55:16]}
Rf8 {[%clk 0:44:06]} 24. Bd4 {[%clk 0:55:36]} Nxd4 {[%clk 0:38:20]} 25. Nxd4
{[%clk 0:55:44]} Ra6 {[%clk 0:36:32]} 26. Kh2 {[%clk 0:51:41]} Kh8 {[%clk
0:34:04]} 27. f5 {[%clk 0:43:20]} exf5 {[%clk 0:34:30]} 28. gxf5 {[%clk 0:42:29]}
Rh6 {[%clk 0:34:50]} 29. Rae1 {[%clk 0:39:21]} Rh5 {[%clk 0:32:37]} 30. a4 {[%clk
0:34:51]} Bd7 {[%clk 0:32:37]} 31. e6 {[%clk 0:32:37]} Be8 {[%clk 0:25:31]} 32.
Qe5 {[%clk 0:28:56]} Bg6 {[%clk 0:23:58]} 33. Re3 {[%clk 0:19:35]} Rg5 {[%clk
0:23:59]} 34. Rf2 {[%clk 0:18:19]} Bh5 {[%clk 0:23:59]} 35. Qxd5 {[%clk 0:17:34]}
Rd8 {[%clk 0:20:51]} 36. Qe5 {[%clk 0:06:02]} h6 {[%clk 0:21:04]} 37. Re4 {[%clk
0:11:37]} Qa3 {[%clk 0:21:04]} 38. h4 {[%clk 0:10:54]} 1-0

[Event "Irena Warakomska Memorial A"]
[Site "Suwalki"]
[Date "2018.08.08"]
[Round "9"]
[White "Leniart, Arkadiusz"]
[Black "Grinev, Valeriy"]
[Result "1/2-1/2"]
[Board "9"]
[WhiteElo "2489"]
[WhiteTitle "IM"]
[WhiteCountry "POL"]
[WhiteFideId "1124226"]
[WhiteEloChange "-1"]
[BlackElo "2412"]
[BlackTitle "IM"]
[BlackCountry "UKR"]
[BlackFideId "14117517"]
[BlackEloChange "1"]

1. d4 {[%clk 1:30:30]} d5 {[%clk 1:30:30]} 2. c4 {[%clk 1:30:49]} e6 {[%clk
1:30:30]} 3. Nc3 {[%clk 1:30:49]} Nf6 {[%clk 1:30:58]} 4. cxd5 {[%clk 1:31:58]}
exd5 {[%clk 1:31:19]} 5. Bg5 {[%clk 1:32:23]} c6 {[%clk 1:31:42]} 6. e3 {[%clk
1:32:42]} Be7 {[%clk 1:32:05]} 7. Qc2 {[%clk 1:33:07]} Nbd7 {[%clk 1:32:15]} 8.
Bd3 {[%clk 1:33:24]} h6 {[%clk 1:32:36]} 9. Bh4 {[%clk 1:33:29]} Nh5 {[%clk
1:32:59]} 10. Bxe7 {[%clk 1:31:19]} Qxe7 {[%clk 1:33:20]} 11. Nge2 {[%clk
1:29:26]} Nb6 {[%clk 1:33:39]} 12. O-O-O {[%clk 1:27:05]} Bd7 {[%clk 1:33:52]}
13. Kb1 {[%clk 1:23:27]} O-O-O {[%clk 1:33:47]} 14. Qb3 {[%clk 1:20:19]} Kb8
{[%clk 1:21:11]} 15. a4 {[%clk 1:18:35]} c5 {[%clk 1:06:25]} 16. Qa3 {[%clk
1:05:33]} Rc8 {[%clk 1:03:48]} 17. a5 {[%clk 1:05:45]} Nc4 {[%clk 1:04:01]} 18.
Qa2 {[%clk 1:03:02]} Be6 {[%clk 1:03:13]} 19. Bxc4 {[%clk 0:59:56]} dxc4 {[%clk
1:03:33]} 20. d5 {[%clk 0:59:59]} Bf5+ {[%clk 1:03:38]} 21. Ka1 {[%clk 0:50:59]}
Bc2 {[%clk 1:03:08]} 22. Rd2 {[%clk 0:51:24]} Bb3 {[%clk 1:03:14]} 23. Qa3 {[%clk
0:43:10]} Nf6 {[%clk 1:02:33]} 24. Nd4 {[%clk 0:36:45]} Ne4 {[%clk 0:59:49]} 25.
Nxb3 {[%clk 0:36:10]} cxb3 {[%clk 0:59:06]} 26. Nxe4 {[%clk 0:36:16]} Qxe4 {[%clk
0:59:29]} 27. Qxb3 {[%clk 0:36:34]} Qxg2 {[%clk 0:59:27]} 28. Rc1 {[%clk
0:35:39]} Rhd8 {[%clk 0:57:51]} 29. a6 {[%clk 0:33:22]} b6 {[%clk 0:56:04]} 30.
Qc4 {[%clk 0:30:52]} Rc7 {[%clk 0:54:01]} 31. Rcd1 {[%clk 0:26:57]} Qxh2 {[%clk
0:45:13]} 32. f4 {[%clk 0:25:27]} Qg3 {[%clk 0:45:27]} 33. Qe4 {[%clk 0:24:28]}
Qg6 {[%clk 0:44:17]} 34. Qxg6 {[%clk 0:18:27]} fxg6 {[%clk 0:44:41]} 35. e4
{[%clk 0:18:44]} Re7 {[%clk 0:40:55]} 36. Re2 {[%clk 0:16:54]} g5 {[%clk
0:27:25]} 37. fxg5 {[%clk 0:14:57]} Re5 {[%clk 0:27:05]} 38. gxh6 {[%clk
0:13:31]} gxh6 {[%clk 0:27:26]} 39. b4 {[%clk 0:12:18]} cxb4 {[%clk 0:14:18]} 40.
Kb2 {[%clk 0:42:04]} h5 {[%clk 0:43:51]} 41. Kb3 {[%clk 0:40:58]} h4 {[%clk
0:44:00]} 42. Kxb4 {[%clk 0:40:21]} h3 {[%clk 0:44:23]} 43. Kc4 {[%clk 0:39:21]}
h2 {[%clk 0:44:08]} 44. Rxh2 {[%clk 0:33:08]} Rxe4+ {[%clk 0:44:14]} 45. Rd4
{[%clk 0:33:32]} Rxd4+ {[%clk 0:43:17]} 46. Kxd4 {[%clk 0:33:56]} Kc7 {[%clk
0:43:33]} 47. Rh6 {[%clk 0:31:32]} Rd6 {[%clk 0:43:29]} 48. Rh5 {[%clk 0:31:23]}
Rd7 {[%clk 0:42:46]} 49. Rh1 {[%clk 0:29:26]} Rg7 {[%clk 0:43:00]} 50. Rh6 {[%clk
0:29:10]} Kd7 {[%clk 0:43:10]} 51. Kc4 {[%clk 0:26:50]} Rg1 {[%clk 0:40:09]} 52.
Rh7+ {[%clk 0:27:07]} Kd6 {[%clk 0:40:33]} 53. Rxa7 {[%clk 0:27:26]} Rc1+ {[%clk
0:40:58]} 54. Kb3 {[%clk 0:26:08]} Ra1 {[%clk 0:41:02]} 55. Kc4 {[%clk 0:24:36]}
Rc1+ {[%clk 0:41:22]} 56. Kb4 {[%clk 0:25:02]} Rb1+ {[%clk 0:41:44]} 57. Kc3
{[%clk 0:25:15]} Ra1 {[%clk 0:42:05]} 58. Kc4 {[%clk 0:20:40]} 1/2-1/2

[Event "Irena Warakomska Memorial A"]
[Site "Suwalki"]
[Date "2018.08.08"]
[Round "9"]
[White "Tihonov, Jurij"]
[Black "Nasuta, Grzegorz"]
[Result "1-0"]
[Board "10"]
[WhiteElo "2385"]
[WhiteTitle "GM"]
[WhiteCountry "BLR"]
[WhiteFideId "13500325"]
[WhiteEloChange "13"]
[BlackElo "2491"]
[BlackTitle "IM"]
[BlackCountry "POL"]
[BlackFideId "1141686"]
[BlackEloChange "-6"]

1. Nf3 {[%clk 1:30:30]} d5 {[%clk 1:30:11]} 2. d4 {[%clk 1:29:45]} c6 {[%clk
1:29:18]} 3. Bf4 {[%clk 1:25:27]} Nf6 {[%clk 1:24:09]} 4. e3 {[%clk 1:24:21]} Qb6
{[%clk 1:16:25]} 5. Qc1 {[%clk 1:20:08]} Bf5 {[%clk 1:14:02]} 6. Be2 {[%clk
1:19:00]} Nbd7 {[%clk 1:14:26]} 7. h3 {[%clk 1:12:44]} e6 {[%clk 1:14:24]} 8. O-O
{[%clk 1:11:22]} Be7 {[%clk 1:13:44]} 9. Nbd2 {[%clk 1:06:47]} Ne4 {[%clk
1:00:27]} 10. c4 {[%clk 0:59:38]} g5 {[%clk 0:48:13]} 11. Bh2 {[%clk 0:57:46]}
Ndf6 {[%clk 0:30:18]} 12. g4 {[%clk 0:53:20]} Bg6 {[%clk 0:26:06]} 13. Ne5 {[%clk
0:53:00]} Nxd2 {[%clk 0:24:32]} 14. Qxd2 {[%clk 0:53:25]} Nd7 {[%clk 0:24:16]}
15. Nxd7 {[%clk 0:43:15]} Kxd7 {[%clk 0:24:44]} 16. c5 {[%clk 0:43:04]} Qd8
{[%clk 0:24:58]} 17. f4 {[%clk 0:43:31]} gxf4 {[%clk 0:23:24]} 18. exf4 {[%clk
0:40:43]} Be4 {[%clk 0:23:25]} 19. f5 {[%clk 0:39:40]} exf5 {[%clk 0:21:41]} 20.
Bf3 {[%clk 0:39:12]} Bg5 {[%clk 0:16:01]} 21. Qb4 {[%clk 0:34:40]} Kc8 {[%clk
0:09:05]} 22. Bxe4 {[%clk 0:32:39]} dxe4 {[%clk 0:09:31]} 23. Rxf5 {[%clk
0:32:33]} f6 {[%clk 0:09:32]} 24. d5 {[%clk 0:27:49]} cxd5 {[%clk 0:02:57]} 25.
Qd4 {[%clk 0:22:02]} Re8 {[%clk 0:03:09]} 26. h4 {[%clk 0:18:35]} Bh6 {[%clk
0:02:18]} 27. Rd1 {[%clk 0:13:25]} Qd7 {[%clk 0:02:11]} 28. Kh1 {[%clk 0:11:53]}
e3 {[%clk 0:00:35]} 29. Rxd5 {[%clk 0:11:24]} Qc6 {[%clk 0:01:04]} 30. g5 {[%clk
0:05:46]} b6 {[%clk 0:01:34]} 31. gxh6 {[%clk 0:06:10]} Kb7 {[%clk 0:00:48]} 32.
Qg4 {[%clk 0:02:47]} Rad8 {[%clk 0:00:46]} 33. Qg2 {[%clk 0:02:31]} Rxd5 {[%clk
0:00:43]} 34. Qxd5 {[%clk 0:01:59]} Qxd5+ {[%clk 0:01:01]} 35. Rxd5 {[%clk
0:02:22]} e2 {[%clk 0:01:30]} 36. Bg3 {[%clk 0:02:31]} e1Q+ {[%clk 0:01:42]} 37.
Bxe1 {[%clk 0:02:55]} Rxe1+ {[%clk 0:02:11]} 38. Kg2 {[%clk 0:03:19]} Kc6 {[%clk
0:00:35]} 39. Rd6+ {[%clk 0:03:24]} Kxc5 {[%clk 0:01:04]} 40. Rd7 {[%clk
0:33:48]} Re5 {[%clk 0:30:53]} 41. Rxa7 {[%clk 0:25:35]} Rh5 {[%clk 0:28:15]} 42.
Rxh7 {[%clk 0:24:28]} Rxh4 {[%clk 0:27:38]} 43. Rh8 {[%clk 0:24:33]} Kc6 {[%clk
0:27:57]} 44. Kg3 {[%clk 0:24:57]} Rh5 {[%clk 0:28:18]} 45. Kg4 {[%clk 0:25:13]}
Rg5+ {[%clk 0:28:43]} 46. Kh4 {[%clk 0:25:26]} Rg6 {[%clk 0:29:09]} 47. Rh7
{[%clk 0:15:16]} Kb5 {[%clk 0:15:23]} 48. a3 {[%clk 0:11:05]} Ka4 {[%clk
0:05:05]} 49. Rh8 {[%clk 0:04:28]} Kb3 {[%clk 0:05:26]} 50. h7 {[%clk 0:04:41]}
Rh6+ {[%clk 0:05:33]} 51. Kg4 {[%clk 0:05:07]} Kxb2 {[%clk 0:04:29]} 52. a4
{[%clk 0:05:30]} Ka3 {[%clk 0:03:45]} 53. Kf5 {[%clk 0:05:43]} Ka2 {[%clk
0:01:47]} 54. Ke6 {[%clk 0:05:37]} Ka3 {[%clk 0:01:59]} 55. Kf7 {[%clk 0:05:55]}
Kxa4 {[%clk 0:00:59]} 56. Ra8+ {[%clk 0:06:13]} Kb3 {[%clk 0:01:24]} 57. h8Q
{[%clk 0:06:37]} Rxh8 {[%clk 0:01:52]} 58. Rxh8 {[%clk 0:06:59]} b5 {[%clk
0:02:12]} 59. Ke6 {[%clk 0:07:07]} Kc4 {[%clk 0:02:05]} 60. Rc8+ {[%clk 0:06:15]}
Kd4 {[%clk 0:02:13]} 61. Rb8 {[%clk 0:06:34]} Kc4 {[%clk 0:02:38]} 62. Kf5 {[%clk
0:06:54]} b4 {[%clk 0:02:42]} 63. Ke4 {[%clk 0:07:17]} f5+ {[%clk 0:01:27]} 64.
Ke3 {[%clk 0:07:42]} f4+ {[%clk 0:00:39]} 65. Kd2 {[%clk 0:07:59]} f3 {[%clk
0:00:37]} 66. Rf8 {[%clk 0:07:31]} Kd5 {[%clk 0:00:08]} 1-0

[Event "Irena Warakomska Memorial A"]
[Site "Suwalki"]
[Date "2018.08.08"]
[Round "9"]
[White "Markowski, Tomasz"]
[Black "Teclaf, Pawel"]
[Result "1/2-1/2"]
[Board "11"]
[WhiteElo "2561"]
[WhiteTitle "GM"]
[WhiteCountry "POL"]
[WhiteFideId "1105680"]
[WhiteEloChange "-2"]
[BlackElo "2399"]
[BlackTitle "CM"]
[BlackCountry "POL"]
[BlackFideId "1185934"]
[BlackEloChange "4"]

1. c4 {[%clk 1:30:30]} Nf6 {[%clk 1:22:09]} 2. Nf3 {[%clk 1:31:17]} g6 {[%clk
1:21:28]} 3. g3 {[%clk 1:31:19]} Bg7 {[%clk 1:21:22]} 4. Bg2 {[%clk 1:31:44]} d5
{[%clk 1:20:43]} 5. Qa4+ {[%clk 1:30:41]} Nbd7 {[%clk 1:20:22]} 6. cxd5 {[%clk
1:31:03]} O-O {[%clk 1:20:33]} 7. O-O {[%clk 1:31:24]} Nxd5 {[%clk 1:18:39]} 8.
Nc3 {[%clk 1:31:39]} N7b6 {[%clk 1:12:47]} 9. Qc2 {[%clk 1:30:04]} c5 {[%clk
0:59:04]} 10. d3 {[%clk 1:29:06]} Nxc3 {[%clk 0:56:37]} 11. bxc3 {[%clk 1:29:30]}
Bd7 {[%clk 0:56:34]} 12. Bd2 {[%clk 1:28:39]} Ba4 {[%clk 0:55:33]} 13. Qc1 {[%clk
1:28:52]} Re8 {[%clk 0:50:10]} 14. Rb1 {[%clk 1:27:06]} Bc6 {[%clk 0:48:10]} 15.
Bh6 {[%clk 1:15:02]} Bh8 {[%clk 0:47:41]} 16. Qa3 {[%clk 1:09:10]} Nd7 {[%clk
0:46:57]} 17. Qb3 {[%clk 1:00:17]} Qb6 {[%clk 0:39:28]} 18. Nd2 {[%clk 0:55:10]}
Bxg2 {[%clk 0:37:39]} 19. Kxg2 {[%clk 0:55:29]} Qc6+ {[%clk 0:35:01]} 20. f3
{[%clk 0:53:57]} b6 {[%clk 0:35:08]} 21. Nc4 {[%clk 0:51:00]} Rab8 {[%clk
0:29:50]} 22. Bf4 {[%clk 0:49:12]} Rbd8 {[%clk 0:27:14]} 23. a4 {[%clk 0:45:52]}
Nf6 {[%clk 0:25:25]} 24. Be5 {[%clk 0:44:38]} Qe6 {[%clk 0:22:44]} 25. a5 {[%clk
0:41:50]} bxa5 {[%clk 0:20:56]} 26. Bxf6 {[%clk 0:34:38]} Bxf6 {[%clk 0:19:27]}
27. Qc2 {[%clk 0:32:16]} Rb8 {[%clk 0:18:03]} 28. Ra1 {[%clk 0:30:16]} Rb5 {[%clk
0:17:33]} 29. Nxa5 {[%clk 0:28:51]} Reb8 {[%clk 0:17:46]} 30. Nc4 {[%clk
0:28:04]} Rb3 {[%clk 0:16:56]} 31. Rxa7 {[%clk 0:26:24]} Rxc3 {[%clk 0:17:18]}
32. Qd2 {[%clk 0:25:47]} Kg7 {[%clk 0:15:02]} 33. Ra2 {[%clk 0:25:53]} Rd8 {[%clk
0:14:23]} 34. Qf4 {[%clk 0:21:29]} Bd4 {[%clk 0:11:57]} 35. Rb1 {[%clk 0:16:33]}
Ra8 {[%clk 0:11:48]} 36. Qd2 {[%clk 0:13:59]} Rxa2 {[%clk 0:10:20]} 37. Qxa2
{[%clk 0:13:55]} h5 {[%clk 0:07:40]} 38. Rb6 {[%clk 0:11:29]} Qd5 {[%clk
0:07:52]} 39. Rb3 {[%clk 0:10:47]} Rc1 {[%clk 0:06:16]} 40. Rb1 {[%clk 0:41:09]}
Rxb1 {[%clk 0:36:08]} 41. Qxb1 {[%clk 0:41:31]} Qe6 {[%clk 0:34:27]} 42. Qc2
{[%clk 0:41:36]} 1/2-1/2

[Event "Irena Warakomska Memorial A"]
[Site "Suwalki"]
[Date "2018.08.08"]
[Round "9"]
[White "Vetoshko, Volodymyr"]
[Black "Godzwon, Iwo"]
[Result "1-0"]
[Board "12"]
[WhiteElo "2521"]
[WhiteTitle "GM"]
[WhiteCountry "UKR"]
[WhiteFideId "14122480"]
[WhiteEloChange "1"]
[BlackElo "2218"]
[BlackCountry "POL"]
[BlackFideId "21802483"]
[BlackEloChange "-3"]

1. e4 {[%clk 1:30:30]} c5 {[%clk 1:30:30]} 2. Nf3 {[%clk 1:30:54]} Nc6 {[%clk
1:30:30]} 3. Bb5 {[%clk 1:30:54]} d6 {[%clk 1:30:54]} 4. O-O {[%clk 1:30:54]} Bd7
{[%clk 1:31:19]} 5. Re1 {[%clk 1:30:54]} a6 {[%clk 1:31:19]} 6. Bf1 {[%clk
1:32:28]} Nf6 {[%clk 1:32:43]} 7. c3 {[%clk 1:32:09]} Bg4 {[%clk 1:33:02]} 8. h3
{[%clk 1:32:26]} Bxf3 {[%clk 1:33:28]} 9. Qxf3 {[%clk 1:32:51]} g6 {[%clk
1:33:55]} 10. d3 {[%clk 1:33:05]} Bg7 {[%clk 1:34:20]} 11. Be3 {[%clk 1:33:23]}
O-O {[%clk 1:33:27]} 12. Nd2 {[%clk 1:33:50]} Nd7 {[%clk 1:30:00]} 13. Qd1 {[%clk
1:33:52]} b5 {[%clk 1:29:30]} 14. Nf3 {[%clk 1:31:06]} b4 {[%clk 1:26:36]} 15.
Qa4 {[%clk 1:27:45]} Qc7 {[%clk 1:18:14]} 16. cxb4 {[%clk 1:10:16]} Nxb4 {[%clk
1:15:07]} 17. Rac1 {[%clk 1:09:28]} Qb7 {[%clk 1:09:09]} 18. a3 {[%clk 1:07:01]}
Nb6 {[%clk 1:09:04]} 19. Qd1 {[%clk 1:03:15]} Nc6 {[%clk 1:07:37]} 20. d4 {[%clk
1:03:23]} Nd7 {[%clk 0:59:52]} 21. d5 {[%clk 0:54:35]} Nce5 {[%clk 0:56:14]} 22.
Nd2 {[%clk 0:54:15]} Nb6 {[%clk 0:53:07]} 23. Rb1 {[%clk 0:47:27]} f5 {[%clk
0:48:59]} 24. f4 {[%clk 0:46:12]} Ned7 {[%clk 0:49:13]} 25. b4 {[%clk 0:42:10]}
fxe4 {[%clk 0:43:37]} 26. bxc5 {[%clk 0:42:28]} dxc5 {[%clk 0:44:04]} 27. Bc4
{[%clk 0:40:46]} Kh8 {[%clk 0:40:07]} 28. Nxe4 {[%clk 0:40:12]} Qc7 {[%clk
0:40:14]} 29. Ba2 {[%clk 0:39:46]} h6 {[%clk 0:37:52]} 30. Qg4 {[%clk 0:33:21]}
Nf6 {[%clk 0:36:37]} 31. Qxg6 {[%clk 0:24:14]} Nbxd5 {[%clk 0:36:57]} 32. Nxf6
{[%clk 0:18:06]} Rxf6 {[%clk 0:35:56]} 33. Qe4 {[%clk 0:17:57]} Nxe3 {[%clk
0:31:41]} 34. Qxa8+ {[%clk 0:18:02]} Rf8 {[%clk 0:32:09]} 35. Qe4 {[%clk
0:17:29]} Rxf4 {[%clk 0:32:33]} 36. Qe6 {[%clk 0:17:12]} 1-0

[Event "Irena Warakomska Memorial A"]
[Site "Suwalki"]
[Date "2018.08.08"]
[Round "9"]
[White "Rahul Srivatshav P"]
[Black "Kanarek, Marcel"]
[Result "0-1"]
[Board "13"]
[WhiteElo "2397"]
[WhiteTitle "IM"]
[WhiteCountry "IND"]
[WhiteFideId "25059653"]
[WhiteEloChange "-7"]
[BlackElo "2508"]
[BlackTitle "GM"]
[BlackCountry "POL"]
[BlackFideId "1126822"]
[BlackEloChange "3"]

1. d4 {[%clk 1:30:57]} Nf6 {[%clk 1:30:59]} 2. c4 {[%clk 1:31:19]} g6 {[%clk
1:31:25]} 3. Nc3 {[%clk 1:31:42]} Bg7 {[%clk 1:31:51]} 4. e4 {[%clk 1:32:06]} d6
{[%clk 1:32:18]} 5. Bd3 {[%clk 1:32:29]} O-O {[%clk 1:31:59]} 6. Nge2 {[%clk
1:32:49]} Nc6 {[%clk 1:31:41]} 7. O-O {[%clk 1:33:10]} Nd7 {[%clk 1:31:26]} 8.
Be3 {[%clk 1:33:05]} e5 {[%clk 1:30:34]} 9. d5 {[%clk 1:33:28]} Nd4 {[%clk
1:30:45]} 10. Nb5 {[%clk 1:33:37]} Nxb5 {[%clk 1:29:39]} 11. cxb5 {[%clk
1:33:58]} f5 {[%clk 1:30:01]} 12. exf5 {[%clk 1:25:34]} gxf5 {[%clk 1:30:24]} 13.
f3 {[%clk 1:25:56]} Nf6 {[%clk 1:25:11]} 14. a4 {[%clk 1:09:08]} Kh8 {[%clk
1:24:32]} 15. Qb3 {[%clk 1:01:34]} Qe7 {[%clk 1:08:43]} 16. a5 {[%clk 0:37:19]}
Qf7 {[%clk 1:06:05]} 17. Rfc1 {[%clk 0:28:50]} Nxd5 {[%clk 0:53:44]} 18. Bc4
{[%clk 0:29:04]} Be6 {[%clk 0:53:21]} 19. a6 {[%clk 0:28:22]} b6 {[%clk 0:38:09]}
20. Rc2 {[%clk 0:28:41]} f4 {[%clk 0:23:48]} 21. Bf2 {[%clk 0:28:48]} Qg6 {[%clk
0:23:32]} 22. Rd2 {[%clk 0:23:21]} Bh3 {[%clk 0:15:24]} 23. Ng3 {[%clk 0:23:46]}
fxg3 {[%clk 0:13:27]} 24. hxg3 {[%clk 0:24:09]} Nf4 {[%clk 0:10:57]} 25. gxh3
{[%clk 0:23:46]} Nxh3+ {[%clk 0:11:23]} 26. Kg2 {[%clk 0:23:23]} e4 {[%clk
0:10:49]} 27. fxe4 {[%clk 0:21:01]} Nxf2 {[%clk 0:08:26]} 28. Rxf2 {[%clk
0:21:30]} Rxf2+ {[%clk 0:05:49]} 29. Kxf2 {[%clk 0:21:58]} Rf8+ {[%clk 0:06:06]}
30. Kg2 {[%clk 0:22:20]} Qxe4+ {[%clk 0:06:24]} 31. Kh3 {[%clk 0:22:43]} Rf6
{[%clk 0:06:21]} 0-1